Η παιδική λογοτεχνία στην εποχή μας

Saved in:
Bibliographic Details
Main Author: Πέτροβιτς-Ανδρουτσοπούλου, Λότη, 1937-
Format: Book
Language:Greek
Published: Αθήνα : Καστανιώτης, 1990
Subjects:
Tags: Add Tag
No Tags, Be the first to tag this record!

MARC

LEADER 00000nam a2200000 i 4500
001 1/75723
008 980701s1990 gre d
020 |a 960-03-0489-0 
035 |l 10032204 
040 |a GR-MY-UA  |b gre  |e aacr 
041 0 |a gre 
082 0 |a 808.068 
100 1 |a Πέτροβιτς-Ανδρουτσοπούλου, Λότη,   |d 1937- 
245 1 2 |a Η παιδική λογοτεχνία στην εποχή μας /  |c Λότη Πέτροβιτς-Ανδρουτσοπούλου 
260 |a Αθήνα :   |b Καστανιώτης,   |c 1990 
300 |a 220 σ. 
650 0 0 |a Children's literature  |x History and criticism. 
852 |a INST  |b RHODES  |e 19980701  |h 808.068 ΠΕΤ  |p 005400006263  |q 005400006263  |t BK  |y 0 
901 |a BIBL-1998-2 
909 |a Ρ  |b 053682  |c 1998 
922 |a 4ΕΛΗ  |b 199802  |c ΚΠΣ/Ν  |d EMVASIS 
970 |z 2000/08/ΔΕΜΕΝΑΓΑΣ ΠΕΤΡΟΣ